000 00850nam a2200229 a 4500
999 _c7097
_d7097
001 7097
003 BD-JhCC
005 20180205094319.0
008 180205s1989 bg |||| || | 000 0 bg d
035 _a(BD-JhCC)7097
040 _aBD-JhCC
_dBD-JhCC
041 _aben
082 _a297.09
_bAKB 1989
100 _aআকবরাবাদী, মাওলানা সাঈদ আহমদ
245 _aমুসলমানদের উথ্থান ও পতন /
_cমাওলানা সাঈদ আহমদ আকবরাবাদী,
260 _aঢাকা :
_bইসলামিক ফাউণ্ডেশন,
_c1989
300 _a397 p. :
_c20 cm.
650 _aHistory of Muslims
700 _aউদ্দীন, মাওলাানা খুরশিদ (অনূদিত)
942 _2ddc
_cBK